Notes for an intellectual auto-biography (Record no. 2946)

MARC details
000 -LEADER
fixed length control field 00558nam a2200193Ia 4500
003 - CONTROL NUMBER IDENTIFIER
control field IN-BaIIA
008 - FIXED-LENGTH DATA ELEMENTS--GENERAL INFORMATION
fixed length control field 211028s9999 xx 000 0 eng d
040 ## - CATALOGING SOURCE
Transcribing agency IIA Library
080 ## - UNIVERSAL DECIMAL CLASSIFICATION NUMBER
Universal Decimal Classification number 92:52
Item number BAB
100 ## - MAIN ENTRY--PERSONAL NAME
Personal name Babcock, H. D.
9 (RLIN) 5255
245 #0 - TITLE STATEMENT
Title Notes for an intellectual auto-biography
Statement of responsibility, etc. H. D. Babcock
300 ## - PHYSICAL DESCRIPTION
Extent 34p.
500 ## - GENERAL NOTE
General note Typed copy
650 ## - SUBJECT ADDED ENTRY--TOPICAL TERM
Topical term or geographic name entry element biography
9 (RLIN) 1224
650 ## - SUBJECT ADDED ENTRY--TOPICAL TERM
Topical term or geographic name entry element Biography-H D Babcock
9 (RLIN) 5256
650 ## - SUBJECT ADDED ENTRY--TOPICAL TERM
Topical term or geographic name entry element H D Babcock Biography
9 (RLIN) 5257
650 ## - SUBJECT ADDED ENTRY--TOPICAL TERM
Topical term or geographic name entry element NASA Thesaurus
942 ## - ADDED ENTRY ELEMENTS (KOHA)
Koha item type Books
Holdings
Withdrawn status Lost status Damaged status Not for loan Home library Current library Shelving location Date acquired Total Checkouts Full call number Barcode Date last seen Price effective from Koha item type Purchase Price
        IIA Library-Bangalore IIA Library-Bangalore General Stacks 24/06/1967   92:52/ BAB 3276 05/11/2021 24/06/1967 Books Free

Powered by Koha